General Knowledge #10 - Statistics

General Stats
  • This quiz has been taken 45 times
  • The average score is 11 of 20
Answer Stats
Question Answer % Correct
The Leaning Tower of Pisa is in which country? Italy
100%
What element is known as H2O? Water
100%
The U.S.A shares land borders with what countries? Canada
88%
Mexico
88%
Bombay is the former name of which city? Mumbai
78%
The assassination of this person sparked World War One. Franz Ferdinand
73%
Who was Queen of England at the time of the Spanish Armada? Elizabeth I
70%
What is the largest country in Africa by population? Nigeria
70%
IQ is short for what? Intelligence Quotient
65%
Buddhist monks wear robes of what colour? Orange
65%
Name the largest island in the world. Greenland
60%
How many syllables are in a Haiku? 17
58%
Name the 'Catholic' monarchs of Spain. Ferdinand
40%
The Spanish Civil War ended in what year? 1939
38%
Who was the third wife of Henry VIII? Jane Seymour
33%
Papua New Guinea has the most what of any country? Languages
33%
What did escaped slaves use to get to freedom? Underground Railroad
33%
Isabella
28%
Tibet was annexed by China in what year? 1950
18%
The Mayflower landed at Plymouth Rock in which year? 1620
10%
No matching quizzes found
Score Distribution
Percent of People with Each Score
Percentile by Number Answered
Your Score History
You have not taken this quiz